Statistics for Narcissist lauren spencer smith lyrics

Click here to take the quiz!

General Stats

  • This quiz has been taken 39 times
  • The average score is 176 of 252

Answer Stats

Answer% Correct
a
95%
always
91%
narcissist
91%
the
91%
I
86%
in
86%
it
86%
love
86%
they're
86%
you
86%
an
82%
charismatic
82%
die
82%
is
82%
its
82%
it's
82%
on
82%
they'll
82%
and
77%
charm
77%
feel
77%
like
77%
make
77%
pay
77%
so
77%
turn
77%
up
77%
when
77%
bills
73%
blame
73%
breaks
73%
fight
73%
how
73%
kill
73%
little
73%
never
73%
no
73%
one
73%
say
73%
something
73%
that
73%
war
73%
you'll
73%
You'll
73%
bathroom
68%
do
68%
excuse
68%
feels
68%
floor
68%
for
68%
generous
68%
know
68%
mirror's
68%
probably
68%
really
68%
shit
68%
stupid
68%
your
68%
after
64%
'Cause
64%
'cause
64%
fault
64%
gaslight
64%
hard
64%
magic
64%
months
64%
much
64%
or
64%
over
64%
telling
64%
their
64%
to
64%
true
64%
with
64%
won't
64%
Won't
64%
are
59%
be
59%
dying
59%
fall
59%
fell
59%
leave
59%
saying
59%
six
59%
sleeping
59%
stay
59%
then
59%
words
59%
you're
59%
another
55%
beautiful
55%
but
55%
get
55%
girl
55%
gonna
55%
into
55%
just
55%
not
55%
only
55%
promise
55%
seconds
55%
take?
55%
while
55%
world
55%
at
50%
can't
50%
Can't
50%
good
50%
most
50%
thing
50%
felt
45%
that's
45%
crazy
41%
feeling
41%
if
41%
knowing
41%
wouldn't
41%
suprised
27%
(ooh)
23%
turns
18%
it'a
0%

Score Distribution

Percentile by Number Answered

Percent of People with Each Score

Your Score History

You have not taken this quiz